000 00353nam a22001217a 4500
008 230627b xxu||||| |||| 00| 0 eng d
020 _a9241562013
082 _a338.4
_bWHO 2001
245 _aThe World Health Report 2001
_bMental Health: New Understanding, New Hope
260 _bWorld Health Organization
_c2001
300 _aXVIII,178p
942 _2ddc
_cBK
999 _c2803
_d2803